[Event "76539 IV. Rakosmente Open"]
[Site "Budapest, Hungary"]
[Date "2013.02.09"]
[Round "2.14"]
[White "Toth, Viktor"]
[Black "Ongut, Selcuk"]
[Result "0-1"]
[WhiteElo "1436"]
[BlackElo "1626"]
[PlyCount "176"]
[EventDate "2013.??.??"]

1. e4 e6 2. d4 d5 3. e5 Nc6 4. Nf3 Nge7 5. c3 Nf5 6. Bd3 f6 7. exf6 Qxf6 8. Bg5
Qf7 9. Nbd2 Bd6 10. Qe2 Bd7 11. Nh4 Nxh4 12. Bxh4 h6 13. Nf3 g5 14. Bg3 Bxg3
15. hxg3 O-O-O 16. O-O-O Kb8 17. Ne5 Nxe5 18. dxe5 Bc6 19. f3 a6 20. Bc2 Bb5
21. Qe3 Bc4 22. b3 Bb5 23. Rd4 c5 24. Rd2 Qc7 25. Kb2 c4 26. Rd4 Qb6 27. Qd2
Bc6 28. Rd1 Qc7 29. Qe3 Qb6 30. Qd2 a5 31. a3 Kc7 32. Rb1 Ra8 33. Ka2 Bb5 34.
Rg4 Qc5 35. Rd4 Qe7 36. Qe3 Ba6 37. Rb2 b5 38. b4 axb4 39. axb4 Bb7+ 40. Kb1
Ra3 41. Ra2 Qxb4+ 42. cxb4 Rxe3 43. f4 Rxg3 44. Bg6 h5 45. f5 exf5 46. Bxf5 Re3
47. e6 Kd6 48. Rdd2 Ke5 49. Re2 Rxe2 50. Rxe2+ Kxf5 51. e7 Bc6 52. Rf2+ Kg6 53.
Rf8 Rh7 54. e8=Q+ Bxe8 55. Rxe8 d4 56. Rd8 d3 57. Rd5 Rb7 58. Kc1 Kf6 59. Kd2
h4 60. Kc3 g4 61. Kd4 Kg6 62. Ke3 g3 63. Kf4 Re7 64. Rg5+ Kf6 65. Rf5+ Kg6 66.
Rg5+ Kh6 67. Rd5 Rf7+ 68. Ke3 Rf2 69. Rd4 Rxg2 70. Rxh4+ Kg5 71. Rd4 Re2+ 72.
Kf3 g2 73. Rg4+ Kf5 74. Rxg2 Rxg2 75. Kxg2 d2 76. Kf2 d1=Q 77. Ke3 Qd5 78. Kf2
Kg6 79. Ke3 Qe5+ 80. Kf3 Qd4 81. Kg3 Qe4 82. Kf2 Qd3 83. Kg2 Qe3 84. Kh2 Qf3
85. Kg1 Qe2 86. Kh1 c3 87. Kg1 c2 88. Kh1 c1=R# 0-1

[Event "76539 IV. Rakosmente Open"]
[Site "Budapest, Hungary"]
[Date "2013.02.09"]
[Round "2.15"]
[White "Kaloczi, Kristof"]
[Black "Ongut, Tamas Gunes"]
[Result "1-0"]
[WhiteElo "1535"]
[BlackElo "1410"]
[PlyCount "64"]
[EventDate "2013.??.??"]

1. e4 e6 2. d4 d5 3. Nc3 Bb4 4. e5 c5 5. a3 Bxc3+ 6. bxc3 c4 7. Qg4 g6 8. h4 h5
9. Qf3 Nc6 10. Ne2 Nge7 11. Bg5 Qc7 12. Bf6 Rg8 13. Rh3 Bd7 14. Qf4 O-O-O 15.
Rf3 Rde8 16. Ng1 Qb6 17. Ne2 Qb2 18. Qc1 Qxc1+ 19. Rxc1 Nf5 20. Ng3 Nce7 21.
Bxe7 Rxe7 22. Nxf5 gxf5 23. Rg3 Ree8 24. Be2 Rxg3 25. fxg3 Rh8 26. Kf2 f6 27.
exf6 Rf8 28. Bxh5 Rxf6 29. Ke3 Rh6 30. Bf3 Kd8 31. Kf4 Be8 32. Rh1 Ke7 1-0

[Event "76539 IV. Rakosmente Open"]
[Site "Budapest, Hungary"]
[Date "2013.02.09"]
[Round "2.16"]
[White "Kidd, Balint"]
[Black "Szabo, Mihaly"]
[Result "1-0"]
[WhiteElo "1405"]
[BlackElo "1532"]
[PlyCount "24"]
[EventDate "2013.??.??"]

1. e4 e6 2. d4 d5 3. Nc3 Bb4 4. e5 c5 5. a3 Bxc3+ 6. bxc3 c4 7. Qg4 g6 8. h4 h5
9. Qf3 Nd7 10. Nh3 Qxh4 11. Ng5 Qg4 12. Qxf7+ Kd8 1-0

[Event "76539 IV. Rakosmente Open"]
[Site "Budapest, Hungary"]
[Date "2013.02.09"]
[Round "2.18"]
[White "Viola, Gellert"]
[Black "Czumbel, Peter"]
[Result "1/2-1/2"]
[WhiteElo "1285"]
[BlackElo "1511"]
[PlyCount "71"]
[EventDate "2013.??.??"]

1. e4 Nf6 2. Nc3 d5 3. exd5 Nxd5 4. Bc4 Nxc3 5. dxc3 Qxd1+ 6. Kxd1 Nc6 7. Nf3
Bg4 8. h3 O-O-O+ 9. Bd2 Bh5 10. g4 Bg6 11. Re1 e6 12. Kc1 Bc5 13. Be3 Bxe3+ 14.
Rxe3 h6 15. Bd3 Bxd3 16. cxd3 Rd7 17. Kc2 Rf8 18. Rd1 Re7 19. d4 Ree8 20. Rde1
Ne7 21. Nd2 Nd5 22. Rf3 g5 23. Ne4 f5 24. Nd2 Nf4 25. Nc4 Ng2 26. Re2 Nh4 27.
Rfe3 fxg4 28. hxg4 b6 29. d5 Ng2 30. Rxe6 Rxe6 31. dxe6 Re8 32. e7 Kd7 33. Ne5+
Kxe7 34. Nc6+ Kd7 35. Rxe8 Kxe8 36. Ne7 1/2-1/2

[Event "76539 IV. Rakosmente Open"]
[Site "Budapest, Hungary"]
[Date "2013.02.09"]
[Round "2.19"]
[White "Makrai, Bence"]
[Black "Toth, Nikoletta"]
[Result "1-0"]
[WhiteElo "1508"]
[BlackElo "1132"]
[PlyCount "55"]
[EventDate "2013.??.??"]

1. e4 e5 2. Nf3 Nc6 3. Bb5 d6 4. d4 Bd7 5. O-O Nf6 6. Bg5 h6 7. Be3 d5 8. exd5
Nxd5 9. Bxc6 bxc6 10. Nxe5 Bf5 11. Qf3 Qf6 12. c4 Nb4 13. Nc3 Nc2 14. Rac1 Rb8
15. b3 Bd6 16. Qxc6+ Kf8 17. Nd7+ Bxd7 18. Qxd7 Qh4 19. g3 Qh5 20. Rxc2 Re8 21.
Nd5 Qf3 22. Nxc7 Re7 23. Qxd6 Qe4 24. Rcc1 g6 25. Nd5 Ke8 26. Nxe7 Qf3 27. Nd5
Qe2 28. Qe7# 1-0

[Event "76539 IV. Rakosmente Open"]
[Site "Budapest, Hungary"]
[Date "2013.02.09"]
[Round "2.20"]
[White "Karacsonyi, Kata"]
[Black "Eros, Janos"]
[Result "1/2-1/2"]
[WhiteElo "1266"]
[BlackElo "1469"]
[PlyCount "75"]
[EventDate "2013.??.??"]

1. e4 e5 2. Nf3 Nc6 3. Bc4 Nf6 4. O-O d5 5. exd5 Nxd5 6. Bxd5 Qxd5 7. Nc3 Qd8
8. d3 Bg4 9. h3 Bh5 10. Re1 Bd6 11. Be3 O-O 12. Ne4 Be7 13. Ng3 Bg6 14. Qd2 f5
15. Bg5 f4 16. Bxe7 Qxe7 17. Ne4 Rad8 18. Rad1 Bh5 19. Qc3 Nd4 20. Qc4+ Kh8 21.
Nxd4 Rxd4 22. Qc3 Bxd1 23. Rxd1 b6 24. Qd2 Rfd8 25. Qe2 h6 26. Qh5 Rxe4 27.
dxe4 Rxd1+ 28. Qxd1 Kh7 29. Qg4 Qf7 30. Qf5+ Qxf5 31. exf5 Kg8 32. Kf1 Kf7 33.
Ke2 Kf6 34. g4 e4 35. f3 Ke5 36. c3 c5 37. b3 b5 38. a4 1/2-1/2

[Event "76539 IV. Rakosmente Open"]
[Site "Budapest, Hungary"]
[Date "2013.02.09"]
[Round "3.1"]
[White "Mihok, Laszlo"]
[Black "Bohati, Tamas"]
[Result "1/2-1/2"]
[WhiteElo "2168"]
[BlackElo "2069"]
[PlyCount "112"]
[EventDate "2013.??.??"]

1. Nf3 Nf6 2. g3 c5 3. Bg2 Nc6 4. O-O e5 5. c4 Be7 6. Nc3 O-O 7. Ne1 d6 8. Nc2
Be6 9. Ne3 Qd7 10. d3 Bh3 11. Ned5 Bxg2 12. Kxg2 Nxd5 13. Nxd5 f5 14. f4 Bf6
15. Rb1 Ne7 16. Nxf6+ Rxf6 17. b4 Ng6 18. e3 Re8 19. d4 cxd4 20. exd4 Qc6+ 21.
Kf2 exf4 22. Qd3 fxg3+ 23. hxg3 f4 24. g4 Qd7 25. Rg1 d5 26. Rb2 Qe6 27. cxd5
Qxd5 28. Qb3 Rd6 29. Qxd5+ Rxd5 30. Rd2 Kf7 31. Rh1 h6 32. Rh5 Red8 33. Bb2 Ke6
34. Re2+ Kd6 35. Kf3 Rc8 36. b5 Rg5 37. d5 Rc7 38. Re6+ Kxd5 39. Rxg6 Rxh5 40.
gxh5 Rc2 41. Bxg7 Rxa2 42. Bxh6 Rh2 43. Rg5+ Ke6 44. Kxf4 a5 45. bxa6 bxa6 46.
Bg7 Kf7 47. h6 Kg8 48. Ra5 Kh7 49. Rxa6 Rh5 50. Kg4 Rh1 51. Ra8 Kg6 52. Ra6+
Kh7 53. Kg5 Rg1+ 54. Kf6 Rf1+ 55. Ke7 Re1+ 56. Be5 Rxe5+ 1/2-1/2

[Event "76539 IV. Rakosmente Open"]
[Site "Budapest, Hungary"]
[Date "2013.02.09"]
[Round "3.3"]
[White "Yip, Michael"]
[Black "Suranyi, Pal"]
[Result "0-1"]
[WhiteElo "2019"]
[BlackElo "2147"]
[PlyCount "106"]
[EventDate "2013.??.??"]

1. d4 Nf6 2. c4 c5 3. d5 e6 4. Nc3 exd5 5. cxd5 d6 6. Nf3 g6 7. Bf4 a6 8. a4
Bg7 9. h3 O-O 10. e3 Qe7 11. Bd3 Nbd7 12. O-O Nh5 13. Bg5 Bf6 14. Bxf6 Qxf6 15.
Bc2 Ne5 16. Nxe5 Qxe5 17. Qd2 Ng7 18. a5 Bd7 19. Rfe1 Rae8 20. b3 Nf5 21. Bxf5
Bxf5 22. Rad1 Qf6 23. e4 Bd7 24. f4 Qd8 25. Qd3 Qxa5 26. f5 Qd8 27. Rf1 Qf6 28.
Kh1 Re5 29. g4 b5 30. Rg1 b4 31. Nb1 Bb5 32. Qf3 Re7 33. Nd2 Qc3 34. Qg2 Bd3
35. Rge1 Rfe8 36. Re3 Qd4 37. Qf3 Bc2 38. Ree1 Bxd1 39. Rxd1 Qc3 40. Kg2 f6 41.
Nc4 Rxe4 42. Qxc3 bxc3 43. Rc1 Rd4 44. Nxd6 Rd8 45. Nc4 R8xd5 46. Rxc3 Rd3 47.
Rc2 gxf5 48. gxf5 Rxf5 49. Nd2 Rg5+ 50. Kf2 Rxh3 51. Rc4 Rh2+ 52. Ke3 Re5+ 53.
Kd3 Rd5+ 0-1

[Event "76539 IV. Rakosmente Open"]
[Site "Budapest, Hungary"]
[Date "2013.02.09"]
[Round "3.4"]
[White "Orosz, Anrás"]
[Black "Andriska, Zsolt"]
[Result "1-0"]
[WhiteElo "2081"]
[BlackElo "2021"]
[PlyCount "85"]
[EventDate "2013.??.??"]

1. e4 c5 2. Nf3 d6 3. Bb5+ Bd7 4. Bxd7+ Qxd7 5. O-O Nf6 6. d3 e6 7. c3 Be7 8.
Re1 O-O 9. Bg5 h6 10. Bh4 Nc6 11. Nbd2 Rfd8 12. Qe2 Nh7 13. Bg3 d5 14. e5 a6
15. Nh4 Bf8 16. f4 g6 17. Nhf3 Kg7 18. Kh1 b5 19. Rg1 d4 20. c4 Nb4 21. Rgc1
Rac8 22. Ne4 a5 23. Bh4 Re8 24. Nfd2 Rb8 25. a3 Na6 26. cxb5 Rxb5 27. Nc4 Reb8
28. Be1 a4 29. Ba5 Nc7 30. Bxc7 Qxc7 31. Rc2 Be7 32. Rf1 Nf8 33. g4 Qd7 34. Qf3
Nh7 35. Rg2 Kh8 36. Qh3 Bf8 37. Rgf2 Rb3 38. Ned2 Qd5+ 39. Kg1 R3b7 40. Qg2
Qxg2+ 41. Kxg2 Be7 42. f5 Bg5 43. Ne4 1-0

[Event "76539 IV. Rakosmente Open"]
[Site "Budapest, Hungary"]
[Date "2013.02.09"]
[Round "3.5"]
[White "Matuska, Miklos"]
[Black "Diller, Denis"]
[Result "1-0"]
[WhiteElo "2149"]
[BlackElo "1558"]
[PlyCount "39"]
[EventDate "2013.??.??"]

1. Nf3 Nf6 2. c4 e6 3. g3 b6 4. Bg2 Bb7 5. O-O Be7 6. Nc3 d5 7. Ne5 Bd6 8. Qa4+
Nbd7 9. d4 c5 10. Nxd7 Qxd7 11. Qxd7+ Kxd7 12. dxc5 bxc5 13. Rd1 d4 14. Bxb7
Rab8 15. Bf3 dxc3 16. Bf4 Rb6 17. b3 Ke7 18. Bxd6+ Rxd6 19. Rxd6 Kxd6 20. Rc1
1-0

[Event "76539 IV. Rakosmente Open"]
[Site "Budapest, Hungary"]
[Date "2013.02.09"]
[Round "3.6"]
[White "Diller, Kevin"]
[Black "Lakat, Gyula"]
[Result "0-1"]
[WhiteElo "1572"]
[BlackElo "1867"]
[PlyCount "48"]
[EventDate "2013.??.??"]

1. e4 c5 2. Nf3 Nc6 3. d4 cxd4 4. Nxd4 Nf6 5. Nc3 e5 6. Nxc6 bxc6 7. Bc4 Be7 8.
b3 Bb7 9. Bb2 O-O 10. O-O Qc7 11. h3 Rac8 12. Qe2 Rfd8 13. Rfd1 d5 14. exd5
cxd5 15. Ba6 Bxa6 16. Qxa6 d4 17. Na4 Nd5 18. Rac1 Bg5 19. Ra1 Nb4 20. Qe2 Nxc2
21. Rac1 Bxc1 22. Rxc1 f6 23. Qd3 Rd6 24. Ba3 Rc6 0-1

[Event "76539 IV. Rakosmente Open"]
[Site "Budapest, Hungary"]
[Date "2013.02.09"]
[Round "3.7"]
[White "Bartuszek, Andras"]
[Black "Fodor, Balazs"]
[Result "0-1"]
[WhiteElo "1881"]
[BlackElo "1802"]
[PlyCount "131"]
[EventDate "2013.??.??"]

1. e4 c6 2. d4 d5 3. Nd2 dxe4 4. Nxe4 Nd7 5. Bd3 Ngf6 6. Ne2 Nxe4 7. Bxe4 Nf6
8. Bd3 e6 9. Bf4 Bd6 10. Qd2 b6 11. c3 Bb7 12. f3 Qc7 13. O-O Rd8 14. Rfd1 O-O
15. Bxd6 Rxd6 16. Qf4 Qe7 17. Qh4 g6 18. Nf4 Nd5 19. Qxe7 Nxe7 20. Be4 Rfd8 21.
Bc2 Ba6 22. Kf2 g5 23. Nh5 f5 24. Ng3 Kf7 25. Bb3 Kf6 26. Re1 Ng6 27. Nh5+ Kf7
28. Ng3 Kf6 29. Ne2 c5 30. g3 h6 31. Rad1 c4 32. Bc2 Ne7 33. Nc1 Nd5 34. Re5 b5
35. a3 Bc8 36. Rde1 a5 37. Na2 R8d7 38. b3 Rb7 39. b4 a4 40. Ke2 Rg7 41. Kd2
Bd7 42. Nc1 Rb6 43. Ne2 Ne7 44. Ng1 Ng6 45. R5e2 Rd6 46. Kc1 Bc6 47. Kb2 h5 48.
Re5 Bd5 49. R1e2 Rdd7 50. R5e3 Ne7 51. Re1 Rd8 52. Nh3 Re8 53. f4 g4 54. Nf2
Ng6 55. Bd1 Rh8 56. Be2 h4 57. Nd1 hxg3 58. hxg3 Rh2 59. Kc1 Be4 60. Bf1 Rc2+
61. Kb1 Rd2+ 62. Rxe4 fxe4 63. Rxe4 Re7 64. Nf2 Rxf2 65. Be2 Kf5 66. Re3 0-1

[Event "76539 IV. Rakosmente Open"]
[Site "Budapest, Hungary"]
[Date "2013.02.09"]
[Round "3.8"]
[White "Rajcsanyi, Peter"]
[Black "Kaloczi, Kristof"]
[Result "1/2-1/2"]
[WhiteElo "1872"]
[BlackElo "1535"]
[PlyCount "104"]
[EventDate "2013.??.??"]

1. e4 c5 2. Nf3 e6 3. d4 cxd4 4. Nxd4 a6 5. Nc3 Qc7 6. Qf3 Nf6 7. Bf4 d6 8. Be3
Be7 9. O-O-O b6 10. Qg3 g6 11. Be2 Bb7 12. Bf3 Nbd7 13. Rhe1 Ne5 14. Bh6 Rg8
15. h4 Rc8 16. Kb1 b5 17. a3 Nc4 18. Bd2 Qb6 19. Nb3 Nxd2+ 20. Rxd2 Nd7 21. Be2
Ne5 22. f4 Nc4 23. Rd3 a5 24. Na2 Bxe4 25. Rd4 d5 26. Rxe4 dxe4 27. Bxc4 bxc4
28. Nbc1 c3 29. b3 Bxa3 30. Rxe4 f5 31. Re3 Bxc1 32. Nxc1 Kf7 33. Rxc3 Rxc3 34.
Qxc3 Rb8 35. Qc4 Ra8 36. Qd3 Qb7 37. g3 a4 38. Qe3 axb3 39. Nxb3 Ra4 40. Kb2
Re4 41. Qc3 Rb4 42. Qh8 Qd5 43. Qxh7+ Kf8 44. Qh8+ Kf7 45. h5 gxh5 46. Qxh5+
Ke7 47. Qh7+ Kd6 48. Qg7 Rb5 49. Qf8+ Kd7 50. Qf7+ Kd6 51. Qf8+ Kd7 52. Qf7+
Kd6 1/2-1/2

[Event "76539 IV. Rakosmente Open"]
[Site "Budapest, Hungary"]
[Date "2013.02.09"]
[Round "3.10"]
[White "Papp, Laszlo"]
[Black "Kovacsy, Barnabas"]
[Result "1-0"]
[WhiteElo "1787"]
[BlackElo "1521"]
[PlyCount "55"]
[EventDate "2013.??.??"]

1. d4 Nf6 2. c4 g6 3. Nc3 d5 4. cxd5 Nxd5 5. e4 Nxc3 6. bxc3 Bg7 7. Nf3 c5 8.
Rb1 Nc6 9. d5 Bxc3+ 10. Bd2 Bxd2+ 11. Qxd2 Nd4 12. Nxd4 cxd4 13. Qxd4 O-O 14.
Be2 Qa5+ 15. Qd2 Qxd2+ 16. Kxd2 Rd8 17. Rhd1 e6 18. Bc4 f5 19. Ke3 e5 20. g3
fxe4 21. Rb5 Rd6 22. Kxe4 a6 23. Rc5 Bf5+ 24. Kxe5 Rb6 25. d6+ Kg7 26. Rc7+ Kh8
27. Kf6 h6 28. Ke7 1-0

[Event "76539 IV. Rakosmente Open"]
[Site "Budapest, Hungary"]
[Date "2013.02.09"]
[Round "3.11"]
[White "Makrai, Bence"]
[Black "Safar, Istvan"]
[Result "1/2-1/2"]
[WhiteElo "1508"]
[BlackElo "1723"]
[PlyCount "60"]
[EventDate "2013.??.??"]

1. d4 Nf6 2. c4 g6 3. Nc3 Bg7 4. Nf3 d6 5. e4 O-O 6. Be2 c6 7. O-O b6 8. Bg5
Nbd7 9. Qd2 Re8 10. h3 e5 11. Rfd1 Bb7 12. d5 c5 13. Nh2 Qb8 14. Bh6 Bh8 15.
Rf1 a6 16. Qg5 Qd8 17. f4 exf4 18. Qxf4 Qe7 19. Bg5 Qe5 20. Ng4 Qxf4 21. Rxf4
Nxg4 22. Bxg4 Ne5 23. Raf1 Bg7 24. Bf6 Bxf6 25. Rxf6 Rad8 26. a3 Re7 27. b3 Ba8
28. Na4 Rb7 29. Be2 a5 30. g4 Kf8 1/2-1/2

[Event "76539 IV. Rakosmente Open"]
[Site "Budapest, Hungary"]
[Date "2013.02.09"]
[Round "3.12"]
[White "Gazsovics, Bela"]
[Black "Forgacs, Andras"]
[Result "1-0"]
[WhiteElo "1715"]
[BlackElo "1451"]
[PlyCount "127"]
[EventDate "2013.??.??"]

1. f4 e5 2. fxe5 d6 3. exd6 Bxd6 4. Nf3 Nc6 5. d4 Bg4 6. Qd3 Bxf3 7. exf3 Qh4+
8. Kd1 O-O-O 9. c3 Re8 10. Bd2 Nf6 11. Kc2 Re7 12. Na3 Rhe8 13. Nc4 Qf2 14. g3
Kb8 15. Bh3 Qe2 16. Nxd6 Qxd3+ 17. Kxd3 cxd6 18. Rae1 h6 19. Rxe7 Nxe7 20. Re1
Kc7 21. c4 b6 22. b4 Kc6 23. Bg2 a6 24. f4+ Kc7 25. h3 Nd7 26. g4 f6 27. a4 g5
28. fxg5 hxg5 29. b5 a5 30. Bc6 Kd8 31. Re6 Kc7 32. Bxd7 Kxd7 33. Rxf6 Rh8 34.
Rf3 Rg8 35. Bc3 Ng6 36. Bd2 Ne7 37. d5 Ke8 38. Be3 Nc8 39. Rf5 Rh8 40. Bxg5
Rxh3+ 41. Be3 Rg3 42. g5 Ne7 43. Rf6 Nc8 44. Ke4 Ke7 45. Rh6 Kd7 46. g6 Ke7 47.
Rh7+ Kf6 48. Rf7+ Kxg6 49. Rc7 Rg4+ 50. Bf4 Rg2 51. Rxc8 Ra2 52. Rc6 Rxa4 53.
Rxd6+ Kf7 54. Kd4 Rb4 55. Rxb6 a4 56. Ra6 Ke7 57. Bd6+ Kd7 58. Bxb4 a3 59. Bxa3
Kc7 60. d6+ Kc8 61. Kd5 Kd8 62. Ra8+ Kd7 63. c5 -- 64. c6# 1-0

[Event "76539 IV. Rakosmente Open"]
[Site "Budapest, Hungary"]
[Date "2013.02.09"]
[Round "3.14"]
[White "Ongut, Selcuk"]
[Black "Kidd, Balint"]
[Result "1-0"]
[WhiteElo "1626"]
[BlackElo "1405"]
[PlyCount "115"]
[EventDate "2013.??.??"]

1. d4 Nf6 2. c4 g6 3. Nc3 Bg7 4. Nf3 O-O 5. Bg5 d6 6. e3 Bg4 7. Be2 Nbd7 8. Qc2
c5 9. O-O Re8 10. a3 cxd4 11. exd4 Bf5 12. Bd3 Bxd3 13. Qxd3 e5 14. dxe5 Nxe5
15. Nxe5 dxe5 16. Qxd8 Raxd8 17. f3 Rc8 18. Nd5 Nxd5 19. cxd5 Rc4 20. Rac1 Rd4
21. Rfd1 f6 22. Be3 Rxd1+ 23. Rxd1 a6 24. d6 Rd8 25. d7 Kf7 26. Bb6 Rf8 27.
d8=Q Rxd8 28. Rxd8 Ke6 29. Be3 f5 30. Rb8 e4 31. Rxb7 Be5 32. f4 Bf6 33. b3 Bb2
34. a4 Kd6 35. Rb6+ Kc7 36. Rxa6 Kb8 37. Ra7 Bc1 38. Rxh7 Bxe3+ 39. Kf1 Bxf4
40. b4 Bd6 41. b5 Bb4 42. Rg7 Bd6 43. g3 f4 44. gxf4 Bxf4 45. h3 g5 46. Ke2 e3
47. a5 Ka8 48. a6 Kb8 49. b6 Ka8 50. Rg8+ Bb8 51. a7 Kb7 52. Rxb8+ Ka6 53.
a8=Q+ Kb5 54. Qd5+ Kb4 55. Kd3 e2 56. Qc4+ Ka3 57. Ra8+ Kb2 58. Qc2# 1-0

[Event "76539 IV. Rakosmente Open"]
[Site "Budapest, Hungary"]
[Date "2013.02.09"]
[Round "3.16"]
[White "Eros, Janos"]
[Black "Viola, Gellert"]
[Result "1/2-1/2"]
[WhiteElo "1469"]
[BlackElo "1285"]
[PlyCount "51"]
[EventDate "2013.??.??"]

1. e4 c5 2. Nf3 d6 3. d4 cxd4 4. Nxd4 Nf6 5. Nc3 g6 6. Be3 Bg7 7. f3 O-O 8. Qd2
Nc6 9. O-O-O Bd7 10. Bc4 Rc8 11. Bb3 Ne5 12. h4 h5 13. Bh6 Bxh6 14. Qxh6 Rxc3
15. bxc3 Qc8 16. f4 Qxc3 17. fxe5 Qa1+ 18. Kd2 Qxd4+ 19. Kc1 Qa1+ 20. Kd2 Nxe4+
21. Ke3 Qc3+ 22. Rd3 Qc5+ 23. Rd4 Qc3+ 24. Rd3 Qc5+ 25. Rd4 Qc3+ 26. Rd3
1/2-1/2

[Event "76539 IV. Rakosmente Open"]
[Site "Budapest, Hungary"]
[Date "2013.02.09"]
[Round "3.17"]
[White "Chen, Xiao Hu"]
[Black "Novak, Levente Peter"]
[Result "1-0"]
[WhiteElo "1323"]
[BlackElo "1456"]
[PlyCount "73"]
[EventDate "2013.??.??"]

1. e4 e5 2. Nf3 Nc6 3. Bb5 a6 4. Ba4 Nf6 5. O-O Bc5 6. c3 Be7 7. Re1 O-O 8. d4
d6 9. Bg5 Bg4 10. h3 Bh5 11. d5 Nb8 12. Nbd2 c6 13. Bxf6 Bxf6 14. Bc2 Qc7 15.
Rc1 Nd7 16. c4 Rac8 17. b3 Rfe8 18. Bd3 Qb6 19. Qc2 Nc5 20. Rf1 a5 21. Kh1 h6
22. Ng1 Bg5 23. Ne2 Qb4 24. f4 Bxe2 25. Bxe2 Bxf4 26. Rcd1 Qb6 27. Bh5 Rf8 28.
Bg4 Rcd8 29. Rf3 Qc7 30. Rdf1 Bxd2 31. Qxd2 Nxe4 32. Qe3 Nf6 33. Rxf6 gxf6 34.
Qxh6 Rfe8 35. Rxf6 Re6 36. dxe6 fxe6 37. Bxe6+ 1-0

[Event "76539 IV. Rakosmente Open"]
[Site "Budapest, Hungary"]
[Date "2013.02.09"]
[Round "3.18"]
[White "Nemeth, Zoltan"]
[Black "Karacsonyi, Kata"]
[Result "1-0"]
[WhiteElo "1431"]
[BlackElo "1266"]
[PlyCount "39"]
[EventDate "2013.??.??"]

1. e4 e5 2. Nf3 Nc6 3. Bb5 a6 4. Bxc6 dxc6 5. d3 Bd6 6. O-O Be6 7. Nc3 Ne7 8.
Ng5 O-O 9. Nxe6 fxe6 10. Qg4 Rf6 11. Be3 Ng6 12. Bg5 Rf4 13. Qxe6+ Kh8 14. Bxd8
Rxd8 15. Ne2 Rf6 16. Qg4 Nf4 17. Nxf4 exf4 18. Rad1 Rh6 19. Qg5 Rf8 20. f3 1-0

[Event "76539 IV. Rakosmente Open"]
[Site "Budapest, Hungary"]
[Date "2013.02.09"]
[Round "3.20"]
[White "Szabo, Mihaly"]
[Black "Revesz, Hunor"]
[Result "1-0"]
[WhiteElo "1532"]
[BlackElo "1376"]
[PlyCount "63"]
[EventDate "2013.??.??"]

1. Nf3 c5 2. d4 cxd4 3. Nxd4 e5 4. Nf3 Nc6 5. e3 d5 6. Be2 Nf6 7. h3 Bf5 8. c3
Bd6 9. Nbd2 O-O 10. Nb3 Qb6 11. O-O Rac8 12. Nh2 Rfd8 13. Bd3 e4 14. Be2 Qc7
15. Ng4 Qe7 16. Nd4 Bg6 17. f4 Nh5 18. Qe1 f5 19. Nh2 Nxd4 20. cxd4 Rc2 21. Qd1
Rdc8 22. Bxh5 Qf6 23. Bxg6 Qxg6 24. Rf2 R2c6 25. Bd2 Qg3 26. Rc1 Be7 27. Rxc6
Rxc6 28. Nf1 Qg6 29. Be1 Qh6 30. Rc2 Rg6 31. Rc8+ Kf7 32. Kh2 1-0

[Event "76539 IV. Rakosmente Open"]
[Site "Budapest, Hungary"]
[Date "2013.02.09"]
[Round "3.21"]
[White "Toth, Nikoletta"]
[Black "Toth, Viktor"]
[Result "0-1"]
[WhiteElo "1132"]
[BlackElo "1436"]
[PlyCount "46"]
[EventDate "2013.??.??"]

1. e4 c6 2. d4 d5 3. Nc3 dxe4 4. Nxe4 Bf5 5. Nc5 Qc7 6. Nf3 Nd7 7. Nxd7 Qxd7 8.
Bc4 e6 9. Ne5 Qc7 10. Qh5 Nf6 11. Qe2 O-O-O 12. Bf4 Bd6 13. h3 Nd5 14. Bg3 f6
15. Nd3 Bxg3 16. fxg3 Qxg3+ 17. Nf2 Ne3 18. Qd2 Nxc2+ 19. Kf1 Rxd4 20. Qe2 Nxa1
21. Ke1 Nc2+ 22. Kf1 Ne3+ 23. Kg1 Qxg2# 0-1

[Event "76539 IV. Rakosmente Open"]
[Site "Budapest, Hungary"]
[Date "2013.02.09"]
[Round "4.1"]
[White "Suranyi, Pal"]
[Black "Orosz, Andras"]
[Result "1-0"]
[WhiteElo "2147"]
[BlackElo "2081"]
[PlyCount "59"]
[EventDate "2013.??.??"]

1. d4 Nf6 2. Nf3 d5 3. c4 e6 4. e3 Be7 5. Nc3 O-O 6. Bd3 dxc4 7. Bxc4 a6 8. O-O
b5 9. Bd3 Bb7 10. Qe2 c5 11. Rd1 cxd4 12. Nxd4 Qb6 13. a4 bxa4 14. Nxa4 Qa7 15.
b3 Nbd7 16. Bb2 Nb6 17. e4 Nxa4 18. Rxa4 Nd7 19. b4 Nb6 20. Ra5 Bxb4 21. Rh5 g6
22. Qg4 Na4 23. Nb5 axb5 24. Bf6 Bc3 25. e5 Bxe5 26. Bxg6 fxg6 27. Qxe6+ Rf7
28. Rxh7 Bxh2+ 29. Kxh2 Qb8+ 30. Kg1 1-0

[Event "76539 IV. Rakosmente Open"]
[Site "Budapest, Hungary"]
[Date "2013.02.09"]
[Round "4.2"]
[White "Bohati, Tamas"]
[Black "Uzonyi, David"]
[Result "0-1"]
[WhiteElo "2069"]
[BlackElo "2060"]
[PlyCount "86"]
[EventDate "2013.??.??"]

1. d4 d5 2. c4 c6 3. Nf3 Nf6 4. Nc3 e6 5. Bg5 h6 6. Bh4 g5 7. Bg3 dxc4 8. e4 b5
9. Be2 Bg7 10. h4 g4 11. Ne5 b4 12. Na4 Nxe4 13. Bxc4 Nxg3 14. fxg3 Bxe5 15.
dxe5 Qxd1+ 16. Kxd1 Nd7 17. Re1 Ke7 18. Kc2 a5 19. Rad1 Bb7 20. Re2 Rac8 21.
Rd4 h5 22. Rf4 c5 23. b3 Bd5 24. Ba6 Rc7 25. Kc1 Rf8 26. Bd3 Rfc8 27. Ba6 Ra8
28. Bd3 Bc6 29. Nb2 a4 30. Bc4 axb3 31. axb3 Bd5 32. Na4 Bc6 33. Nb2 Ra1+ 34.
Kc2 Rg1 35. Rff2 Ra7 36. Kd3 Ra2 37. Na4 Nxe5+ 38. Rxe5 Rxf2 39. Nxc5 Rgxg2 40.
Rxh5 Rxg3+ 41. Kd4 Kd6 42. Ne4+ Bxe4 43. Kxe4 f5+ 0-1

[Event "76539 IV. Rakosmente Open"]
[Site "Budapest, Hungary"]
[Date "2013.02.09"]
[Round "4.3"]
[White "Fodor, Balazs"]
[Black "Mihok, Laszlo"]
[Result "0-1"]
[WhiteElo "1802"]
[BlackElo "2168"]
[PlyCount "54"]
[EventDate "2013.??.??"]

1. d4 d5 2. c4 e6 3. Nc3 c6 4. e4 Bb4 5. e5 Ne7 6. Bd3 dxc4 7. Bxc4 b5 8. Bb3
Nf5 9. Nf3 O-O 10. O-O Nd7 11. Bc2 a6 12. Qd3 g6 13. Ng5 Be7 14. Nce4 c5 15. g4
h6 16. Nf3 Nxd4 17. Nxd4 cxd4 18. Bxh6 Nxe5 19. Qg3 Qd5 20. Bxf8 Kxf8 21. Rad1
Bb7 22. f3 f5 23. Bb3 Nxf3+ 24. Qxf3 Qxe4 25. Qxe4 Bxe4 26. Bxe6 d3 27. gxf5
Bc5+ 0-1

[Event "76539 IV. Rakosmente Open"]
[Site "Budapest, Hungary"]
[Date "2013.02.09"]
[Round "4.4"]
[White "Kovacs, Marton"]
[Black "Matuska, Miklos"]
[Result "1/2-1/2"]
[WhiteElo "2149"]
[BlackElo "2149"]
[PlyCount "78"]
[EventDate "2013.??.??"]

1. d4 Nf6 2. Nf3 b6 3. Bf4 Bb7 4. c4 e6 5. Nc3 Bb4 6. e3 Bxc3+ 7. bxc3 O-O 8.
Bd3 d6 9. O-O Nbd7 10. Bg5 Qe7 11. Re1 h6 12. Bh4 Rfe8 13. Bc2 Rad8 14. Ba4 g5
15. Nxg5 hxg5 16. Bxg5 Be4 17. h4 Kh8 18. f3 Bh7 19. Bc6 Rg8 20. f4 Nf8 21. e4
e5 22. Qf3 Ne6 23. fxe5 Nxg5 24. hxg5 Ne8 25. exd6 cxd6 26. Bd5 Qxg5 27. Bxf7
Rf8 28. Qh5 Qxh5 29. Bxh5 Ng7 30. Bf3 Rde8 31. a4 Ne6 32. a5 Ng5 33. Re3 Bxe4
34. Bh5 Bg6 35. Rg3 Bxh5 36. Rxg5 Bf7 37. axb6 axb6 38. Ra7 Re1+ 39. Kh2 Re6
1/2-1/2

[Event "76539 IV. Rakosmente Open"]
[Site "Budapest, Hungary"]
[Date "2013.02.09"]
[Round "4.5"]
[White "Ongut, Selcuk"]
[Black "Yip, Michael"]
[Result "1/2-1/2"]
[WhiteElo "1626"]
[BlackElo "2019"]
[PlyCount "47"]
[EventDate "2013.??.??"]

1. d4 Nf6 2. c4 g6 3. Nc3 d5 4. Bg5 Ne4 5. Nxe4 dxe4 6. c5 Bg7 7. e3 b6 8. b4
a5 9. a3 axb4 10. axb4 Rxa1 11. Qxa1 bxc5 12. bxc5 O-O 13. Bc4 Nd7 14. Ne2 Nxc5
15. Qa3 Nd3+ 16. Bxd3 exd3 17. Bxe7 Qd7 18. Bxf8 Bxf8 19. Qxd3 Bb4+ 20. Kd1
Qa4+ 21. Qc2 Qa1+ 22. Qc1 Qa4+ 23. Qc2 Qa1+ 24. Qc1 1/2-1/2

[Event "76539 IV. Rakosmente Open"]
[Site "Budapest, Hungary"]
[Date "2013.02.09"]
[Round "4.6"]
[White "Andriska, Zsolt"]
[Black "Gazsovics, Bela"]
[Result "1-0"]
[WhiteElo "2021"]
[BlackElo "1715"]
[PlyCount "53"]
[EventDate "2013.??.??"]

1. e4 c5 2. Be2 Nc6 3. f4 d6 4. Nf3 g6 5. O-O Bg7 6. Kh1 Nf6 7. d3 O-O 8. c3
Qc7 9. Be3 Bg4 10. Nbd2 Rad8 11. Ng5 Bxe2 12. Qxe2 h6 13. Nh3 e6 14. g4 Nh7 15.
Rg1 Qe7 16. g5 h5 17. Nf3 Rfe8 18. Raf1 b6 19. Bc1 Nf8 20. Nh4 Nh7 21. Qf3 Nb8
22. f5 exf5 23. exf5 Qe2 24. fxg6 Qxf3+ 25. Rxf3 fxg6 26. Nxg6 Re2 27. Nhf4 1-0